000 00644nam a2200265Ia 4500
003 OSt
005 20221006142458.0
006 a|||||r|||| 00| 0
007 ta
008 221006b |||||||| |||| 00| 0 eng d
020 _c9.00(each)
024 _a6,438
037 _cTextual
040 _aEASL
_cEASL
_beng
041 _2eng
_aeng
082 _aY.41.N5, K1
100 _aCHANDRASEKHAR S
245 0 _aCommunist China today
260 _aLondon
_bAsia Pub.
_c1961
300 _a199p.
_ccm.
490 _v CEL
650 _aCEL
942 _hY.41.N5, K1
_cTEXL
_2CC
999 _c1074524
_d1074524